Communication Engineering Fundamentals /

Detalhes bibliográficos
Autor principal: Samad, M Abdus
Formato: Livro
Idioma:English
Publicado em: Agargaon,Dhaka : University Grants commission of Bangladesh, 2008.
Assuntos:
Classic Catalogue: View this record in Classic Catalogue
LEADER 01093nam a2200229 a 4500
001 0017199
003 BD-DhAAL
008 090507s2008 bg a 000 0 eng d
020 |a 9848090403 
040 |a BD-DhAAL  |c BD-DhAAL 
082 0 0 |a 621.38215  |2 22 
100 1 |a Samad, M Abdus.  |9 58759 
245 1 0 |a Communication Engineering Fundamentals /  |c M.Abdus Samad. 
260 |a Agargaon,Dhaka :   |b University Grants commission of Bangladesh,   |c 2008. 
300 |a xvii,322 p.:  |b ill.;  |c 22 cm 
526 |a AAL  |x Professor Jamilur Reza Choudhury Former Vice-Chancellor BRAC University 
541 1 |e 0017199   |a University Grants Commisssion of Bangladesh 
650 0 |a Wireless communication Systems. 
852 4 |a Ayesha Abed Library   |c General Stacks 
942 |2 ddc  |c BK 
999 |c 9097  |d 9097 
952 |0 0  |1 0  |2 ddc  |4 0  |6 621_382150000000000_SAM_2008  |7 0  |9 11307  |a BRACUL  |b BRACUL  |c GEN  |d 2010-06-28  |e University Grants Commission of Bangladesh  |g 115.50  |l 6  |m 41  |o 621.38215 SAM  |p 3010017199  |r 2022-08-04  |s 2022-05-30  |t 1  |w 2010-06-28  |y BK  |x Requisitioned by Professor Jamilur Reza Choudhury, Former Vice-Chancellor, BRAC University